01605nam a2200265Ia 4500001000600000003000900006008004100015040001300056040001300069041001300082100002000095100002900115240003500144240003500179245003300214245003300247250001100280260001200291260001400303260004900317300005700366500084200423650004301265650003101308H7530IT-RoPAU130308s9999 xx 000 0 und d aIT-RoPAU cIT-RoPAU aITALIANO aSegalen Martine gCodice Aut. SPICS: 54008 aRITES ET rituels CONTEMPORAINS gCodice Tit. Orig. Spics: G1954 aRiti e rituali contemporanei bRiti e rituali Contemporanei a1a ed. aBOLOGNA bIl Mulino c2006 [1° Ed.:2006 - Ed.Ling.Originale:1998] a"164 p. (prefazione: no ; testo: 164 [pagine: 0-0])" a"Rito, Sacro, Simbolo: Emile Durkheim, rito è Sacro; Sacro, sacrificio ed Efficacia rituale da Marcel Mauss a Mary Douglas; di Società in Società. Problema dei riti di Passaggio: Opera di Arnold Van Gennep; riti di passaggio Rivisitati; Dalla culla Alla tomba; forme di Iniziazione. Uomini, Sport,Riti: Uomini e Animali; Calcio e Tifosi; riti e Simboli del Podismo; Attività Non Classificabili che Hanno una Funzione Rituale. secolare e Individuale, Funzione Comunicativa del Rito: Festa, Spettacolo e Politica; riti e Impresa; comportamenti rituali o regole di buon Comportamento. Variabilita',Polisemia, mutamenti Sociali in Un'Istituzione Esemplare, Il Matrimonio: matrimonio Fra Tradizione e Cambiamento; rito del Matrimonio, 1 Solo Spartito, molte Diverse Esecuzioni; sposi del 2000. Conclusioni. Riferimenti Bibliografici." aSOCIOLOGIA DELLA COMUNICAZIONE SOCIALE eCodice materia Spics: 3806